Antología del humorismo en la literatura universal /

שמור ב:
מידע ביבליוגרפי
מחבר ראשי: Fernández Flórez, Wenceslao (selección y estudio)
פורמט: ספר
שפה:ספרדית
יצא לאור: Barcelona, España : Labor, 1961, c1961
תגים: הוספת תג
אין תגיות, היה/י הראשונ/ה לתייג את הרשומה!

MARC

LEADER 00000nam^a2200000^a^4500
001 000572135
005 20250521000000.0
009 20260310132303.365
037 |a Acervo ITESO - Biblioteca 
041 |a ESP 
091 |a FGM. 04542 
100 |a Fernández Flórez, Wenceslao  |e (selección y estudio) 
245 1 0 |a Antología del humorismo en la literatura universal / 
264 4 |a Barcelona, España :  |b Labor,  |c 1961, c1961 
300 |a 2 v. (XLVIII, 1430 p.) 
336 |a texto  |b txt  |2 rdacontenido 
337 |a sin mediación  |b n  |2 rdamedio 
338 |a volumen  |b nc  |2 rdasoporte 
649 |a XX 
910 |a Fondo Efraín González Morfín 
920 |a Impresos - Libros 
930 |a Fondos Especiales 
940 |a Literatura 
905 |a 130 
901 |a 0500380734  |b IT2  |c ESL  |i D95237  |u 20250521 
901 |a 0500380753  |b IT2  |c ESL  |i D95238  |u 20250521 
902 |a https://opac.biblio.iteso.mx/vufind/Record/000572135